000 00687nam a2200253Ia 4500
003 OSt
005 20221005062451.0
006 a|||||r|||| 00| 0
007 ta
008 221004b |||||||| |||| 00| 0 eng d
024 _a68645
037 _cTextual
040 _aCRL
_cCRL
_beng
041 _2eng
_aeng
082 _aY:1z7, N2
100 _aScannell Paddy
_9248162
245 0 _aCulture and power
_b A media culture and society reader.
260 _aLondon
_bSage
_c1992
300 _a357p.
_ccm.
490 _aMedia culture and society series; 1992
650 _aSOCIOLOGY
942 _hY:1z7, N2
_cTEXL
_2cc
999 _c969766
_d969766